005320000a220010900045001000023000002450049000233000055000725000080001275200176002076500016003837730023003991 aMíguez, Néstor10aII El Apocalipsis como profecía y visión aVol. 19, Num 2 (Septiembre, 1999), Páginas 21-35 aCiclo de Conferencias Apocalipsis en el año 2000: Estrategias de lecturas aLa identidad de Juan como profeta, El libro de Apocalipsis como visión, La profecía del Apocalipsis como denuncia y anuncio, La Visión de los "mil años" (Cap. 20),14aAPOCALIPSIS0 tVida y pensamiento